000 00380nam a2200133 a 4500
001 000031892
005 20200930063248.0
008 110707s2003 dr 000 0 spa d
040 _aDO-SdBNP
_bspa
_cBNPHU
245 0 0 _aGuía de salud :
_bguías dominicanas año 2003.
260 _aSanto Domingo :
_bServicios Médicos UCE,
_c[2003?].
300 _a52 p. ;
_c28 cm.
049 _aBNPD
999 _c31383
_d31383